Del descubrimiento a la independencia : estudios sobre Iberoamerica y Filipinas /

Gespeichert in:
Bibliographische Detailangaben
1. Verfasser: Batllori, Miguel
Format: Buch
Sprache:Spanish
Veröffentlicht: Caracas : Universidad Catolica Andres Bello, 1979.
Schriftenreihe:Colección Manoa ; 20
Schlagworte:
LEADER 01108nam a2200289 i 4500
001 c000255009
003 CARM
005 00000000000000.0
008 850117s1979 ve b 001 0 spa d
019 1 |a 1949048  |5 LACONCORD2021 
035 |a (OCoLC)7278335  |5 LACONCORD2021 
041 0 |a spa 
082 0 4 |a 282.8 
100 1 |a Batllori, Miguel. 
245 1 0 |a Del descubrimiento a la independencia :  |b estudios sobre Iberoamerica y Filipinas /  |c Miguel Batllori ; prologo de Pedro Grases. 
260 |a Caracas :  |b Universidad Catolica Andres Bello,  |c 1979. 
300 |a xiii, 363 p. ;  |c 19 cm. 
440 0 |a Colección Manoa ;  |v 20 
500 |a Includes index. 
504 |a Bibliography: p. 305-327. 
610 2 0 |a Catholic Church  |z Latin America. 
610 2 0 |a Jesuits  |z America. 
651 0 |a Latin America  |x Church history. 
651 0 |a Latin America  |x History  |y To 1830. 
852 8 |b CARM  |h A2:AQ23A0  |i A04013  |p 0322678  |f BK 
999 f f |i 3ced9936-6aa2-5a16-81f6-c381d34dbc01  |s 76016ee7-9743-5de7-bca3-fac41c7112c3 
952 f f |p Can circulate  |a CAVAL  |b CAVAL  |c CAVAL  |d CARM 1 Store  |e A04013  |f A2:AQ23A0  |h Other scheme  |i book  |m 0322678